Mil y una aventuras : (Record no. 148414)

MARC details
000 -CABECERA
campo de control de longitud fija 00691cam a22002294a 4500
003 - IDENTIFICADOR DEL NÚMERO DE CONTROL
campo de control UPN
005 - FECHA Y HORA DE LA ÚLTIMA TRANSACCIÓN
campo de control 20220528063546.0
008 - ELEMENTOS DE LONGITUD FIJA--INFORMACIÓN GENERAL
campo de control de longitud fija 100603s2004 es r 000 j spa d
020 ## - NÚMERO INTERNACIONAL NORMALIZADO PARA LIBROS
Número Internacional Estándar del Libro 8477024596
035 ## - NÚMERO DE CONTROL DEL SISTEMA
Número de control de sistema UPN01000176311
040 ## - FUENTE DE LA CATALOGACIÓN
Centro catalogador/agencia de origen UPN
Lengua de catalogación spa
Centro/agencia transcriptor UPN
049 ## - COLECCIÓN
Colección CG
050 #4 - SIGNATURA TOPOGRÁFICA DE LA BIBLIOTECA DEL CONGRESO
Número de clasificación PN6071 A3.8
Número de documento/Ítem M5.4
245 00 - MENCIÓN DE TÍTULO
Título Mil y una aventuras :
Resto del título los mejores relatos de aventuras aparecidos en Valdemar (1987-2003) /
Mención de responsabilidad, etc. Daniel Defoe... [et al.].
260 ## - PUBLICACIÓN, DISTRIBUCIÓN, ETC.
Lugar de publicación, distribución, etc. Madrid :
Nombre del editor, distribuidor, etc. Valdemar,
Fecha de publicación, distribución, etc. 2004.
300 ## - DESCRIPCIÓN FÍSICA
Extensión 779 p.
490 ## - MENCIÓN DE SERIE
Mención de serie El club Diógenes ;
Designación de volumen o secuencia 207
650 #0 - ASIENTO SECUNDARIO DE MATERIA - TERMINO TEMATICO
Término de materia o nombre geográfico como elemento de entrada Historias de aventuras
9 (RLIN) 4131
700 1# - ASIENTO SECUNDARIO--NOMBRE DE PERSONAL
Nombre de persona Defoe, Daniel,
Fechas asociadas al nombre 1660-1731,
Término indicativo de función/relación coaut.
9 (RLIN) 32426
905 ## - TIPO DE MATERIAL
Tipo de material Libro
942 ## - ELEMENTOS DE PUNTO DE ACCESO ADICIONAL (KOHA)
Fuente del sistema de clasificación o colocación Library of Congress Classification
Tipo de ítem Koha Libro
Holdings
Estado de retiro Estado de pérdida Fuente del sistema de clasificación o colocación Estado dañado No para préstamo Código de colección Localización permanente Ubicación/localización actual Ubicación en estantería Total de préstamos Clasificación Código de barras Fecha visto por última vez Tipo de ítem Koha Fecha de adquisición Número de copia Precio válido a partir de
    Library of Congress Classification     Colección General Bib. Gregorio Torres Quintero Bib. Gregorio Torres Quintero Planta baja 1 PN6071 A3.8 M5.4 273743 31/12/2020 Libro      
    Library of Congress Classification     Colección General Bib. Gregorio Torres Quintero Bib. Gregorio Torres Quintero Planta baja   PN6071 A3.8 M5.4 273132 31/12/2020 Libro      
    Library of Congress Classification     Colección General Bib. Gregorio Torres Quintero Bib. Gregorio Torres Quintero Planta baja   PN6071 A3.8 M5.4 AP295 23/06/2022 Libro 23/06/2022 Ej.3 23/06/2022